Characters in the Title - Statistics

General Stats
  • This quiz has been taken 43 times
  • The average score is 11 of 16
Answer Stats
Picture Hint Answer % Correct
Batman
100%
Spider-Man
97%
Superman
97%
Entire series Harry Potter
95%
Joker
95%
Shrek
95%
___ and the Temple of Doom Indiana Jones
90%
Terminator
90%
John Wick
77%
Age of Ultron
67%
____ Pet Detective Ace Ventura
64%
The Picture of Dorian Gray
54%
Auric Goldfinger
31%
Billy Madison
31%
Fletch
31%
__ Almighty Bruce Nolan
10%
No matching quizzes found
Score Distribution
Percent of People with Each Score
Percentile by Number Answered
Your Score History
You have not taken this quiz